00511nam a2200181 a 4500008004100000020002200041100001800063245004300081250001200124260004400136300003400180504004100214500002000255650002700275003000100302005001700303040000900320  a0750624698 (pbk.)1 aPathria, R.K.10aStatistical mechanics /cR.K. Pathria. a2nd ed. aOxford :bButterworth-Heinemann,c1996. axiv, 529 p. :bill. ;c24 cm. aIncludes bibliographical references. aIncludes index. 0aStatistical mechanics.20230123125020.0 cNUST